The Best '80s Hair Metal Bands, according to Ranker - Statistics

General Stats
  • This quiz has been taken 131 times
  • The average score is 14 of 30
Answer Stats
Hint Answer % Correct
1) Motley Crue
90%
9) Poison
89%
4) Guns N Roses
77%
5) Def Leppard
74%
14) Bon Jovi
73%
6) Ratt
73%
3) Cinderella
70%
13) Van Halen
65%
2) Skid Row
61%
11) Warrant
61%
12) Whitesnake
59%
16) Dokken
56%
15) KISS
55%
10) Twisted Sister
49%
7) Scorpions
48%
8) Quiet Riot
42%
23) Wasp
37%
27) LA Guns
33%
26) Winger
33%
24) White Lion
30%
22) Faster Pussycat
29%
20) Slaughter
29%
21) Tesla
29%
19) Alice Cooper
26%
29) Stryper
26%
30) Hanoi Rocks
25%
17) Kix
25%
25) Extreme
22%
18) Enuff Z'Nuff
13%
28) Love / Hate
3%
No matching quizzes found
Score Distribution
Percent of People with Each Score
Percentile by Number Answered
Your Score History
You have not taken this quiz